[Event "Moscow Petrosian Memorial U18"]
[Site "Moscow"]
[Date "2009.01.??"]
[Round "7"]
[White "Kirillov, Dmitry"]
[Black "Sidorchuk, Roman"]
[Result "0-1"]
[WhiteElo "1997"]
[BlackElo "2186"]
[PlyCount "60"]
[EventDate "2009.01.??"]
[EventType "swiss"]
[EventRounds "9"]
[EventCountry "RUS"]
[SourceTitle "EXT 2010"]
[Source "ChessBase"]
[SourceDate "2010.11.25"]
[SourceVersion "1"]
[SourceVersionDate "2010.11.25"]
[SourceQuality "1"]

1. e4 c5 2. Nf3 Nf6 3. Nc3 d6 4. d4 cxd4 5. Nxd4 a6 6. Bg5 e6 7. f4 Qb6 8. Nb3 Be7 9. Qf3 Nbd7 10. 0-0-0 Qc7 11. g4 b5 12. Bxf6 Nxf6 13. g5 Nd7 14. Rg1 Bb7 15. Bh3 g6 16. Qe2 h6 17. gxh6 Rxh6 18. Qe3 Qb6 19. Nd4 Bf6 20. Nce2 Rh4 21. Rg3 Rc8 22. Kb1 Rc4 23. b3 Rc8 24. f5 e5 25. fxg6 exd4 26. gxf7+ Kxf7 27. Qf2 d3 28. Be6+ Kxe6 29. Qf5+ Ke7 30. cxd3 Qc5 0-1

[Event "Moscow Petrosian Memorial U18"]
[Site "Moscow"]
[Date "2008.01.??"]
[Round "3"]
[White "Sidorchuk, Roman"]
[Black "Charochkina, Daria"]
[Result "1/2-1/2"]
[WhiteElo "2161"]
[BlackElo "2383"]
[PlyCount "57"]
[EventDate "2008.01.??"]
[EventType "swiss"]
[EventRounds "9"]
[EventCountry "RUS"]
[SourceTitle "CBM 122 Extra"]
[Source "ChessBase"]
[SourceDate "2008.03.04"]
[SourceVersion "1"]
[SourceVersionDate "2008.03.04"]
[SourceQuality "1"]

1. e4 c5 2. Nf3 Nc6 3. d4 cxd4 4. Nxd4 Nf6 5. Nc3 d6 6. Bg5 e6 7. Qd2 Be7 8. 0-0-0 0-0 9. f4 Nxd4 10. Qxd4 Qa5 11. Kb1 h6 12. Bh4 e5 13. Qd2 Kh8 14. Bxf6 Bxf6 15. f5 Bg5 16. Qf2 b5 17. h4 Bd8 18. Nd5 Bb7 19. f6 Bxd5 20. fxg7+ Kxg7 21. Rxd5 Bb6 22. Qg3+ Kh7 23. Bd3 Qd2 24. Rxd6 Bd4 25. Rf1 Qb4 26. Rxh6+ Kxh6 27. Qg5+ Kh7 28. c3 Bxc3 29. Qh5+ 1/2-1/2

[Event "Moscow Petrosian Memorial U18"]
[Site "Moscow"]
[Date "2007.01.??"]
[Round "3"]
[White "Nguyen, Viet Tuong"]
[Black "Sidorchuk, Roman"]
[Result "1-0"]
[WhiteElo "2250"]
[BlackElo "2125"]
[PlyCount "51"]
[EventDate "2007.01.??"]
[EventType "swiss"]
[EventRounds "9"]
[EventCountry "RUS"]
[SourceTitle "EXT 2008"]
[Source "ChessBase"]
[SourceDate "2007.11.25"]
[SourceVersion "1"]
[SourceVersionDate "2007.11.25"]
[SourceQuality "1"]

1. e4 c5 2. Nf3 d6 3. d4 cxd4 4. Nxd4 Nf6 5. Nc3 a6 6. Be2 e5 7. Nb3 Be7 8. Bg5 Nbd7 9. a4 b6 10. Bc4 Bb7 11. Qe2 0-0 12. 0-0 Nxe4 13. Nxe4 Bxg5 14. Nxd6 Bc6 15. Nxf7 Rxf7 16. Bxf7+ Kh8 17. Rad1 Bxa4 18. Qe4 Bb5 19. c4 Ba4 20. c5 Bb5 21. c6 Qf6 22. cxd7 Rf8 23. Bc4 Bc6 24. Qg4 Qd8 25. Rd6 Rf4 26. Qxg5 1-0

[Event "Moscow Petrosian Memorial U18"]
[Site "Moscow"]
[Date "2007.01.??"]
[Round "6"]
[White "Sidorchuk, Roman"]
[Black "Repina, Varvara"]
[Result "1/2-1/2"]
[WhiteElo "2125"]
[BlackElo "2200"]
[PlyCount "99"]
[EventDate "2007.01.??"]
[EventType "swiss"]
[EventRounds "9"]
[EventCountry "RUS"]
[SourceTitle "EXT 2008"]
[Source "ChessBase"]
[SourceDate "2007.11.25"]
[SourceVersion "1"]
[SourceVersionDate "2007.11.25"]
[SourceQuality "1"]

1. e4 c5 2. Nf3 d6 3. d4 cxd4 4. Nxd4 Nf6 5. Nc3 a6 6. Be2 e5 7. Nb3 Be7 8. 0-0 0-0 9. Be3 Be6 10. Qd2 Nbd7 11. Rfd1 Rc8 12. a4 Nb6 13. Nc1 Nc4 14. Bxc4 Rxc4 15. f3 Qc8 16. N1a2 d5 17. exd5 Rd8 18. b3 Rc6 19. Qe1 Nxd5 20. Nxd5 Bxd5 21. c4 Be6 22. Qa5 Rcd6 23. Rxd6 Bxd6 24. Bb6 Rd7 25. Nc3 Bb8 26. Ne4 Qc6 27. Bf2 Bf5 28. Nc3 h6 29. h3 Bc7 30. Qc5 Qg6 31. g4 b6 32. Qb4 Rd3 33. Nd5 Bd6 34. Qxb6 Rxf3 35. Ne3 Be4 36. Qd8+ Kh7 37. Qh4 Be7 38. Qxe7 Rxh3 39. Kf1 Rh1+ 40. Bg1 f5 41. Qxe5 fxg4 42. Ke2 g3 43. Qf4 h5 44. Rd1 h4 45. Rd4 Bb1 46. Kf1 h3 47. Rd6 Bd3+ 48. Ke1 Rxg1+ 49. Kd2 Qe4 50. Rh6+ 1/2-1/2

[Event "Moscow Petrosian Memorial U18"]
[Site "Moscow"]
[Date "2005.01.??"]
[Round "9"]
[White "Lozbenev, Pavel"]
[Black "Sidorchuk, Roman"]
[Result "1-0"]
[WhiteElo "2118"]
[BlackElo "1976"]
[PlyCount "61"]
[EventDate "2005.01.??"]
[EventType "swiss"]
[EventRounds "9"]
[EventCountry "RUS"]
[SourceTitle "EXT 2006"]
[Source "ChessBase"]
[SourceDate "2005.11.24"]
[SourceVersion "1"]
[SourceVersionDate "2005.11.24"]
[SourceQuality "1"]

1. d4 Nf6 2. c4 g6 3. Nc3 Bg7 4. e4 d6 5. Nf3 0-0 6. Be2 Nbd7 7. 0-0 e5 8. d5 Nc5 9. Qc2 a5 10. Bg5 h6 11. Be3 b6 12. Nd2 Ne8 13. a3 f5 14. exf5 gxf5 15. f4 e4 16. Nb3 Kh7 17. Nd4 a4 18. Nc6 Qd7 19. Rad1 Bb7 20. Nd4 Rg8 21. g4 Nf6 22. Nxf5 Nxg4 23. Nxe4 Qxf5 24. Ng5+ Kg6 25. Qxf5+ Kxf5 26. Bxc5 hxg5 27. Bd3+ Kf6 28. Bd4+ Kf7 29. fxg5+ Bf6 30. Bxf6 Rge8 31. Bd8+ 1-0

[Event "Moscow Petrosian Memorial U18"]
[Site "Moscow"]
[Date "2005.01.??"]
[Round "5"]
[White "Petrin, Eugeny"]
[Black "Sidorchuk, Roman"]
[Result "0-1"]
[WhiteElo "2021"]
[BlackElo "1976"]
[PlyCount "132"]
[EventDate "2005.01.??"]
[EventType "swiss"]
[EventRounds "9"]
[EventCountry "RUS"]
[SourceTitle "EXT 2006"]
[Source "ChessBase"]
[SourceDate "2005.11.24"]
[SourceVersion "1"]
[SourceVersionDate "2005.11.24"]
[SourceQuality "1"]

1. e4 e5 2. Nf3 Nc6 3. Bb5 a6 4. Ba4 Nf6 5. 0-0 b5 6. Bb3 Bb7 7. Re1 h6 8. c3 g6 9. d4 d6 10. Nbd2 Bg7 11. d5 Ne7 12. a4 0-0 13. Nf1 Ne8 14. Ng3 Qd7 15. axb5 axb5 16. Rxa8 Bxa8 17. Nh4 Bb7 18. Qd3 Bc8 19. Bc2 Ba6 20. f4 exf4 21. Ne2 g5 22. e5 f5 23. exf6 Nxf6 24. Ng6 Nxg6 25. Qxg6 Qf7 26. Qd3 Re8 27. Rd1 Qxd5 28. Nd4 Kf8 29. Bb3 Qe4 30. Qxe4 Rxe4 31. Ne6+ Rxe6 32. Bxe6 Bb7 33. h4 Ne4 34. Bd5 Bxd5 35. Rxd5 c6 36. Rd1 d5 37. hxg5 hxg5 38. Kf1 Kf7 39. Bd2 Ke6 40. Be1 Bf6 41. Bf2 Kd6 42. Rd3 Nxf2 43. Kxf2 g4 44. Rd1 c5 45. Ra1 d4 46. Ra6+ Ke7 47. Rc6 dxc3 48. bxc3 Bxc3 49. Ke2 Bd4 50. Rg6 g3 51. Rb6 b4 52. Kf3 Be3 53. Ke4 Kd7 54. Rb5 Kc6 55. Rb8 Bd2 56. Rd8 Bc1 57. Rc8+ Kb5 58. Kd5 Be3 59. Rb8+ Ka4 60. Kc4 Ka3 61. Ra8+ Kb2 62. Rf8 Kc2 63. Rb8 Kd2 64. Ra8 Ke2 65. Ra2+ Kf1 66. Kd3 Bf2 0-1